LEADER 00970nam0 2200253 450 001 000022603 005 20090205105002.0 100 $a20090205d1972----km-y0itay50------ba 101 0 $aeng 102 $aIT 105 $ay-------001yy 200 1 $aAviation english$ean english language course on a range of aeronautical subjects and ICAO publications$d= l'inglese aeronautico$ecorso di lingua inglese, testi e conversazioni su argomenti aeronautici e sulle pubblicazioni ICAO$fMario Destro-Bisol$gillustrated by A. Marengo 210 $aRoma$cDe Rossi$d1972 215 $a281 p.$d24 cm 500 10$aAviation english$945483 610 1 $aAviazione 676 $a420$v21$9Lingua inglese e antico inglese (anglosassone) 700 1$aDestro Bisol,$bMario$0632971 702 1$aMarengo,$bA. 801 0$aIT$bUNIPARTHENOPE$c200900205$gRICA$2UNIMARC 912 $a000022603 951 $aS 420/3$bS A, 650$cDSA$d2009 996 $aAviation english$945483 997 $aUNIPARTHENOPE LEADER 00829nam0-22002891i-450- 001 990001605600403321 005 20050125100906.0 035 $a000160560 035 $aFED01000160560 035 $a(Aleph)000160560FED01 035 $a000160560 100 $a20030910d1888----km-y0itay50------ba 101 0 $aita 200 1 $aCognizioni teorico-pratiche per le stime dei beni stabili$fGiovanni Pegoretti 205 $a2. ed. 210 $aMilano$cA. Monti$d1888 215 $a184 p.$d22 cm 610 0 $aEstimo civile 676 $a333.337 700 1$aPegoretti,$bGiovanni$03696 801 0$aIT$bUNINA$gRICA$2UNIMARC 901 $aBK 912 $a990001605600403321 952 $a60 333.332 B 13$b4802$fFAGBC 959 $aFAGBC 996 $aCognizioni teorico-pratiche per le stime dei beni stabili$9368425 997 $aUNINA LEADER 03099nam 2200613Ia 450 001 9910139563903321 005 20220920182845.0 010 $a1-283-33225-6 010 $a9786613332257 010 $a1-118-13162-2 010 $a1-118-13161-4 010 $a1-118-13159-2 035 $a(CKB)2550000000063611 035 $a(EBL)693223 035 $a(OCoLC)769189115 035 $a(SSID)ssj0000539326 035 $a(PQKBManifestationID)11965850 035 $a(PQKBTitleCode)TC0000539326 035 $a(PQKBWorkID)10585201 035 $a(PQKB)11697536 035 $a(MiAaPQ)EBC693223 035 $a(Au-PeEL)EBL693223 035 $a(CaPaEBR)ebr10510320 035 $a(CaONFJC)MIL333225 035 $a(EXLCZ)992550000000063611 100 $a20110428d2012 uy 0 101 0 $aeng 135 $aur|n#|||||||| 181 $ctxt$2rdacontent 182 $cc$2rdamedia 183 $acr$2rdacarrier 200 10$aMultivariate analysis for the biobehavioral and social sciences /$fBruce L. Brown [et al.] 210 $aHoboken, N.J. $cWiley$dc2012 215 $a1 online resource (xiv, 475 pages) $cillustrations 300 $aDescription based upon print version of record. 311 1 $a0-470-53756-6 320 $aIncludes bibliographical references and index. 327 $aOverview of Multivariate and Regression Methods -- The Seven Habits of Highly Effective Quants: A Review of Elementary Statistics Using Matrix Algebra -- Fundamentals of Matrix Algebra -- Factor Analysis and Related Methods: Quintessentially Multivariate -- Multivariate Graphics -- Canonical Correlation: The Underused Method -- Hotelling's as the Simplest Case of Multivariate Inference -- Multivariate Analysis of Variance -- Multiple Regression and the General Linear Model -- Appendices: Statistical Tables -- Name Index -- Subject Index. 330 $aMultivariate Analysis for the Social Sciences provides clear guidelines combined with the insight needed to understand the methods and applications of multivariate statistics. This easy-to-follow book provides students in social, behavioral, and health science-whose focus is not primarily in mathematics-with an abundance of chapter-ending questions and answers, including: conceptual questions about the meaning of each method; questions that test the reader's ability to carry out the computational procedures on simple datasets; and data analysis questions for using analytical packages to analyze both simplest case data and also to practice with more realistic datasets. 606 $aSocial sciences$xStatistical methods 606 $aMultivariate analysis 608 $aElectronic books. 615 0$aSocial sciences$xStatistical methods. 615 0$aMultivariate analysis. 676 $a300.1/519535 686 $aMAT029020$2bisacsh 700 $aBrown$b Bruce$g(Bruce L.)$0160564 801 0$bMiAaPQ 801 1$bMiAaPQ 801 2$bMiAaPQ 906 $aBOOK 912 $a9910139563903321 996 $aMultivariate analysis for the biobehavioral and social sciences$91975513 997 $aUNINA